[Event "Mittelfrank Regionalliga Sud-West 2223"]
[Site "Mittelfranken"]
[Date "2023.04.23"]
[Round "9.8"]
[White "Dietz, Iwan"]
[Black "Wagner, Roland"]
[Result "1-0"]
[WhiteElo "1817"]
[BlackElo "1747"]
[PlyCount "76"]
[EventDate "2022.10.09"]
[EventType "team-tourn"]
[EventRounds "9"]
[EventCountry "GER"]
[SourceTitle "EXT 2024"]
[Source "ChessBase"]
[SourceDate "2023.10.10"]
[SourceVersion "1"]
[SourceVersionDate "2023.10.10"]
[SourceQuality "1"]
[WhiteTeam "Bayern Muenchen IV"]
[BlackTeam "Marktoberdorf"]
[WhiteTeamCountry "GER"]
[BlackTeamCountry "GER"]

1. d4 d5 2. c4 e6 3. Nf3 Nf6 4. Nc3 Nc6 5. cxd5 exd5 6. Bg5 Be7 7. e3 Bg4 8. h3 Bh5 9. Be2 0-0 10. 0-0 h6 11. Bxf6 Bxf6 12. Qb3 Ne7 13. Qxb7 c5 14. Rfd1 c4 15. b3 Qd6 16. bxc4 Rfb8 17. c5 Qe6 18. Qc7 Rb2 19. Rab1 Rab8 20. Qd6 Rxb1 21. Rxb1 Rxb1+ 22. Nxb1 Qf5 23. Qb8+ Kh7 24. Qb3 Bg6 25. Nc3 Qe6 26. Ne1 Bg5 27. Nd1 Nf5 28. Nf3 Bf6 29. Bd3 Ne7 30. Bxg6+ fxg6 31. Nc3 g5 32. e4 g4 33. exd5 Qf5 34. hxg4 Qxg4 35. Qc2+ g6 36. Qd3 Nf5 37. Ne5 Bg7 38. d6 Qf4 1-0

[Event "Regionalliga Sued-West 1718"]
[Site "Bayern"]
[Date "2018.02.25"]
[Round "7.7"]
[White "Wagner, Roland"]
[Black "Essler, Richard"]
[Result "1/2-1/2"]
[WhiteElo "1805"]
[BlackElo "1878"]
[PlyCount "90"]
[EventDate "2017.10.22"]
[EventType "team-tourn"]
[EventRounds "9"]
[EventCountry "GER"]
[SourceTitle "EXT 2022"]
[Source "ChessBase"]
[SourceDate "2021.10.06"]
[SourceVersion "1"]
[SourceVersionDate "2021.10.06"]
[SourceQuality "1"]
[WhiteTeam "Marktoberdorf"]
[BlackTeam "Mering"]
[WhiteTeamCountry "GER"]
[BlackTeamCountry "GER"]

1. c4 Nf6 2. Nc3 g6 3. g3 Bg7 4. Bg2 0-0 5. d4 d6 6. Nf3 Nc6 7. 0-0 a6 8. a3 Rb8 9. Bf4 Nh5 10. Qd2 Na5 11. Qd3 Nxf4 12. gxf4 c5 13. d5 Nb3 14. Rab1 Nd4 15. Nxd4 Bxd4 16. b4 Qc7 17. e3 Bf5 18. Be4 Bxc3 19. Bxf5 Bg7 20. Bg4 f5 21. Be2 Rfc8 22. Kg2 Qd7 23. h4 Rc7 24. h5 Kf7 25. Rg1 Rh8 26. Kf3 e5 27. dxe6+ Qxe6 28. Rgd1 Ke7 29. bxc5 dxc5 30. Qd5 Rb8 31. Qxe6+ Kxe6 32. Rb6+ Rc6 33. Rdb1 Rxb6 34. Rxb6+ Kf7 35. hxg6+ hxg6 36. e4 fxe4+ 37. Kxe4 Re8+ 38. Kd3 Rd8+ 39. Kc2 Rd7 40. Bf3 Bf6 41. Bd5+ Kg7 42. Rxb7 Rxb7 43. Bxb7 a5 44. Kb3 Bd4 45. Ka4 Bb2 1/2-1/2

[Event "Leipzig VfB op 08th"]
[Site "Leipzig"]
[Date "2001.02.23"]
[Round "6"]
[White "Stopp, Claudia"]
[Black "Wagner, Roland"]
[Result "1/2-1/2"]
[WhiteElo "1112"]
[BlackElo "1629"]
[PlyCount "87"]
[EventDate "2001.02.20"]
[EventType "swiss"]
[EventRounds "9"]
[EventCountry "GER"]
[SourceTitle "EXT 2008"]
[Source "ChessBase"]
[SourceDate "2007.11.25"]
[SourceVersion "1"]
[SourceVersionDate "2007.11.25"]
[SourceQuality "1"]

1. e4 e5 2. Nf3 Nc6 3. Bb5 a6 4. Bxc6 dxc6 5. d3 f6 6. Be3 Bb4+ 7. c3 Ba5 8. Qc2 Bg4 9. Nbd2 Ne7 10. h3 Be6 11. 0-0 0-0 12. Rfd1 Qe8 13. Nf1 Bb6 14. Bxb6 cxb6 15. d4 Ng6 16. d5 Bf7 17. Ng3 cxd5 18. exd5 b5 19. Ne4 Rd8 20. d6 Qc6 21. a4 bxa4 22. Rxa4 Bd5 23. Nfd2 Bxe4 24. Nxe4 Nh8 25. Qb3+ Nf7 26. Rc4 Qb5 27. Qxb5 axb5 28. Rc7 f5 29. Nc5 Rxd6 30. Rxd6 Nxd6 31. Nxb7 Rc8 32. Rxc8+ Nxc8 33. Kf1 Kf7 34. Ke2 Ke6 35. Kd3 Nb6 36. b3 Nd5 37. g3 g5 38. c4 bxc4+ 39. bxc4 Nb4+ 40. Ke3 Nc2+ 41. Kd3 Nb4+ 42. Ke3 Na6 43. Kd3 Kd7 44. c5 1/2-1/2

[Event "Leipzig VfB op 08th"]
[Site "Leipzig"]
[Date "2001.02.22"]
[Round "5"]
[White "Wagner, Roland"]
[Black "Jaenig, Philipp"]
[Result "1-0"]
[WhiteElo "1629"]
[BlackElo "680"]
[PlyCount "84"]
[EventDate "2001.02.20"]
[EventType "swiss"]
[EventRounds "9"]
[EventCountry "GER"]
[SourceTitle "EXT 2008"]
[Source "ChessBase"]
[SourceDate "2007.11.25"]
[SourceVersion "1"]
[SourceVersionDate "2007.11.25"]
[SourceQuality "1"]

1. d4 Nf6 2. c4 e5 3. dxe5 Ng4 4. Nf3 Bc5 5. e3 Nc6 6. Be2 Ngxe5 7. 0-0 0-0 8. Nc3 d6 9. a3 a5 10. b3 Bg4 11. Nd4 Bxe2 12. Ncxe2 Re8 13. Bb2 Qd7 14. Qc2 Rad8 15. Qc3 Bb6 16. Nxc6 Qxc6 17. f4 Bxe3+ 18. Kh1 Re6 19. fxe5 Rg6 20. Ng3 Bc5 21. exd6 Rdxd6 22. Rad1 h5 23. Rxd6 Bxd6 24. Qf3 Qxf3 25. Rxf3 Bxg3 26. Rxg3 Rxg3 27. hxg3 g6 28. Be5 c6 29. a4 Kh7 30. Bc7 Kh6 31. Bxa5 Kg5 32. Kg1 Kg4 33. Kf2 f5 34. b4 f4 35. Bc7 fxg3+ 36. Bxg3 h4 37. Bc7 h3 38. gxh3+ Kxh3 39. a5 Kg4 40. b5 cxb5 41. cxb5 Kf5 42. a6 Ke6 1-0